00325nam a2200121Ia 4500008004100000041000800041082001300049100003200062245002100094250001300115260006300128300001200191231228s2011 xx 000 0 und d aeng a5.2bJUN aJUNEJA (B.L.)/ SETH (Anita) aProgramming in C a1st Impr aNew DelhibCengage Learning India Pvt. Ltd New Delhic2011 aiv, 477